000 00399nam a2200109Ia 4500
008 171204s9999 xx 000 0 und d
245 _aManaging Risk And Opportunity: The Governance Of Strategic Risk-taking
245 _cMaxine Garvey, Oliviero Roggi, and Torben Juul Andersen
260 _c2015
650 _xSTRATEGIC MANAGEMENT
856 _uhttp://down.ebook777.com/ManRisAndOppTheGovOfStrRis.pdf
999 _c347074
_d347074